Normal view
MARC view
Entry Personal Name
001 - CONTROL NUMBER
- control field: 50482
003 - CONTROL NUMBER IDENTIFIER
- control field: dpl
005 - DATE AND TIME OF LATEST TRANSACTION
- control field: 20120726120003.0
008 - FIXED-LENGTH DATA ELEMENTS
- fixed length control field: 120726|||a|||||| | ||| d
040 ## - CATALOGING SOURCE
- Original cataloging agency: dpl
- Transcribing agency: dpl
100 ## - HEADING--PERSONAL NAME
- Personal name: Cohen, Stephen Philip.
670 ## - SOURCE DATA FOUND
- Source citation: Work cat.: (dpl)68669: Cohen, Stephen Philip., The Idea Of Pakistan/, 2005
670 ## - SOURCE DATA FOUND
- Source citation: Work cat.: (dpl)68669: Cohen, Stephen Philip., The Idea Of Pakistan/, 2005
